Einführung in Grundlagen der Datenverarbeitung. Teil 1 /

Gespeichert in:
Bibliographische Detailangaben
1. Verfasser: Dotzauer, Ernst (Verfasst von)
Format: Buch
Sprache:Deutsch
Veröffentlicht: München : Carl Hanser Verlag, 1968
Tags: Tag hinzufügen
Keine Tags, Fügen Sie das erste Tag hinzu!

MARC

LEADER 00000nam a22000003a 4500
001 stu35649
005 20150617225727.5
008 920429s1968----gw------------------ger-d
040 |a STU  |b slo 
041 0 |a ger 
044 |a gw 
100 1 |a Dotzauer, Ernst  |4 aut 
245 1 |a Einführung in Grundlagen der Datenverarbeitung. Teil 1 /  |c [aut.]Ernst Dotzauer 
260 |a München :  |b Carl Hanser Verlag,  |c 1968 
300 |a 308 s 
996 |b 284M003613  |c M*4149/1-1  |l MMKN  |s A  |a 24  |w stu35649_0001